Harry Truman Presidential Cabinet - Statistics

General Stats
  • This quiz has been taken 30 times
  • The average score is 13 of 33
Answer Stats
Cabinet Position Cabinet Member % Correct
Secretary of State (1949-1953) Dean Acheson
86%
Vice President (1949-1953) Alben Barkley
79%
Secretary of State (1947-1949), Secretary of Defense (1950-1951) George Marshall
79%
Secretary of Treasury (1945) Henry Morgenthau Jr.
64%
Secretary of State (1945-1947) James Byrnes
64%
Secretary of War (1945) Henry Stimson
57%
Secretary of Commerce (1945-1946) Henry Wallace
57%
Secretary of the Navy (1945-1947), Secretary of Defense (1947-1949) James Forrestal
50%
Secretary of Defense (1949-1950) Louis Johnson
50%
Secretary of State (1945) Edward Stettinius Jr.
43%
Secretary of Labor (1945) Frances Perkins
36%
Secretary of Treasury (1945-1946) Fred Vinson
36%
Secretary of Treasury (1946-1953) John Snyder
36%
Postmaster General (1945-1947) Robert Hannegan
36%
Attorney General (1945-1949) Tom Clark
36%
Secretary of Commerce (1948-1953) Charles Sawyer
29%
Secretary of Agriculture (1945-1948) Clinton Anderson
29%
Postmaster General (1945) Frank Walker
29%
Secretary of the Interior (1945-1946) Harold Ickes
29%
Postmaster General (1947-1953) Jesse Donaldson
29%
Secretary of the Interior (1946-1949) Julius Krug
29%
Secretary of War (1947) Kenneth Royall
29%
Secretary of the Interior (1949-1953) Oscar Chapman
29%
Secretary of Defense (1951-1953) Robert Lovett
29%
Secretary of War (1945-1947) Robert Patterson
29%
Secretary of Commerce (1946-1948) W. Averell Harriman
29%
Secretary of Agriculture (1948-1953) Charles Brannan
21%
Secretary of Agriculture (1945) Claude Wickard
21%
Attorney General (1945) Francis Biddle
21%
Attorney General (1952-1953) James McGranery
21%
Attorney General (1949-1952) J. Howard McGrath
21%
Secretary of Labor (1945-1948) Lewis Schwellenbach
21%
Secretary of Labor (1948-1953) Maurice Tobin
21%
No matching quizzes found
Score Distribution
Percent of People with Each Score
Percentile by Number Answered
Your Score History
You have not taken this quiz